Впервые по-русски, Вводный фонетико-грамматический курс русского языка для китайских студентов
| מחבר ראשי: | |
|---|---|
| מחברים אחרים: | , |
| סיכום: | Книга не входит в премиум-версию платформы «Русский как иностранный». Учебный курс русского языка для китайских студентов «Впервые по-русски» предназначен для начального этапа обучения РКИ и соответствует программам вводных фонетико-грамматических курсов вузов РФ и КНР. Курс отвечает требованиям уровня А1 Государственных стандартов по РКИ двух стран, рассчитан на 72 академических часа. Пособие снабжено диском с аудиозаписью упражнений, требующих прослушивания учебного материала. Адресовано широкой китайской аудитории независимо от выбранной специальности. Гарантированный срок размещения на платформе до 31.12.2027 (автопролонгация) |
| יצא לאור: |
Москва, «Русский язык». Курсы, 2023
|
| מהדורה: | Впервые по-русски |
| נושאים: | |
| גישה מקוונת: | Перейти к просмотру издания |
| פורמט: | אלקטרוני |
MARC
| LEADER | 00000 a2200000 4500 | ||
|---|---|---|---|
| 001 | RU/ROS-EDU.RU/129644 | ||
| 856 | 4 | |u https://www.ros-edu.ru/book?id=129644 |z Перейти к просмотру издания | |
| 010 | |a 978-5-88337-254-3 | ||
| 205 | |a Впервые по-русски |b 2027-12-31 | ||
| 333 | |a Гарантированный срок размещения на платформе до 31.12.2027 (автопролонгация) | ||
| 100 | |a 20230101d2023 |||y0rusy0250 |s 2027-12-31 | ||
| 105 | |a y z 000zy | ||
| 101 | 0 | |a rus | |
| 102 | |a RU | ||
| 200 | 1 | |a Впервые по-русски |b Электронный ресурс |e Вводный фонетико-грамматический курс русского языка для китайских студентов |f Н. Ю. Царева, М. Б. Будильцева, Ся Мэн | |
| 700 | 1 | |b Н. Ю. |a Царева |4 070 | |
| 701 | 1 | |b М. Б. |a Будильцева |4 070 | |
| 701 | 1 | |b Ся |a Мэн |4 070 | |
| 330 | |a Учебный курс русского языка для китайских студентов «Впервые по-русски» предназначен для начального этапа обучения РКИ и соответствует программам вводных фонетико-грамматических курсов вузов РФ и КНР. Курс отвечает требованиям уровня А1 Государственных стандартов по РКИ двух стран, рассчитан на 72 академических часа. Пособие снабжено диском с аудиозаписью упражнений, требующих прослушивания учебного материала. Адресовано широкой китайской аудитории независимо от выбранной специальности. | ||
| 210 | |a Москва |c «Русский язык». Курсы |d 2023 | ||
| 610 | 1 | |a русский язык | |
| 610 | 1 | |a грамматика | |
| 610 | 1 | |a речь | |
| 610 | 1 | |a упражнение | |
| 610 | 1 | |a тест | |
| 610 | 1 | |a лексика | |
| 675 | |a 811.16 | ||
| 686 | |a 81.2 |2 rubbk | ||
| 300 | |a Книга не входит в премиум-версию платформы «Русский как иностранный». | ||
| 215 | |a 200 с. | ||